FUZZY LOGIC AND CONTROL , SOFTWARE AND HARDWARE APPLICTIONS (Record no. 575213)
[ view plain ]
| 000 -LEADER | |
|---|---|
| fixed length control field | 00460nam a22001337a 4500 |
| 020 ## - INTERNATIONAL STANDARD BOOK NUMBER | |
| International Standard Book Number | 0-13-334251-4 |
| 082 ## - DEWEY DECIMAL CLASSIFICATION NUMBER | |
| Classification number | 629.89 FUZ,M |
| 100 ## - MAIN ENTRY--PERSONAL NAME | |
| Personal name | MOHAMMAD JAMSHIDI , VADIEE, NADER , ROSS, TIMOTHY J |
| 9 (RLIN) | 67427 |
| 245 ## - TITLE STATEMENT | |
| Title | FUZZY LOGIC AND CONTROL , SOFTWARE AND HARDWARE APPLICTIONS |
| 260 ## - PUBLICATION, DISTRIBUTION, ETC. | |
| Place of publication, distribution, etc. | ENGLEWOOD CLIFFS |
| Name of publisher, distributor, etc. | PTR.PRENTICE-HALL |
| Date of publication, distribution, etc. | 1993 |
| 300 ## - PHYSICAL DESCRIPTION | |
| Extent | XIV,395 P ILL |
| 650 ## - SUBJECT ADDED ENTRY--TOPICAL TERM | |
| Topical term or geographic name entry element | APPLICATION SOFTWARE FUZZY SYSTEMS INTELLIGENT CONTROL SYSTEMS |
| 9 (RLIN) | 67428 |
| 942 ## - ADDED ENTRY ELEMENTS (KOHA) | |
| Koha item type | Book |
| Withdrawn status | Lost status | Damaged status | Not for loan | Permanent Location | Current Location | Shelving location | Date acquired | Total Checkouts | Full call number | Barcode | Date last seen | Price effective from | Koha item type |
|---|---|---|---|---|---|---|---|---|---|---|---|---|---|
| College of Electrical & Mechanical Engineering (CEME) | College of Electrical & Mechanical Engineering (CEME) | General Stacks | 08/01/2017 | 629.89 FUZ,M | CEME-29210 | 06/28/2021 | 06/28/2021 | Book |
